00908nam a22002417a 450000500170000000800410001702000150005804000250007304100080009804400070010608200180011310000210013124501200015226000980027230000290037050000850039965000280048465000490051265000290056165000310059070000240062170000210064520181002115700.0100208s2005 ck a gr 00010 spa d a9588151627 aCO-BoIAVHcCO-BoIAVH aspa ack04a306.42bG21c01 aGarcía, Paola.10aConocimiento tradicional y biodiversidad : bintroducción / cPaola García, Enrique Sánchez, Juanita Chaves.3 aBogotábInstituto de Investigación de Recursos Biológicos Alexander Von Humboldtc2005. a27 p. : bil. ; c23 cm. aCuaderno 0 - Materiales de trabajo para comunidades y organizaciones indígenas 6aDiversidad biológica. 6aConservación de la diversidad biológica. 6aConocimiento tradicional 6aOrganizaciones indígenas1 aSánchez, Enrique.1 aChaves, Juanita.